[Event "CAN-op"]
[Site "Edmonton CAN"]
[Date "2005.07.14"]
[Round "7"]
[White "Miller, Brian"]
[Black "Pua, Richard"]
[Result "1/2-1/2"]
[WhiteElo "1870"]
[BlackElo "1856"]
[PlyCount "62"]
[GameId "2160767910901943"]
[EventDate "2005.07.09"]
[EventType "swiss"]
[EventRounds "10"]
[EventCountry "CAN"]
[SourceTitle "CBM 107 Extra"]
[Source "ChessBase"]
[SourceDate "2005.09.01"]
[SourceVersion "1"]
[SourceVersionDate "2005.09.01"]
[SourceQuality "1"]

1. d4 Nf6 2. c4 e6 3. Nf3 b6 4. Bg5 h6 5. Bh4 d5 6. cxd5 exd5 7. e3 Be7 8. Bd3 O-O 9. Nc3 Bb7 10. O-O c5 11. Rc1 Nbd7 12. Re1 Re8 13. Bb1 Rc8 14. Qd3 Nf8 15. Nd2 Ne4 16. Bxe7 Rxe7 17. Nf3 c4 18. Qc2 a6 19. Rcd1 b5 20. a3 Ng6 21. Nd2 Nxd2 22. Qxd2 Qe8 23. Ne2 Nf8 24. Nf4 Qd7 25. Qb4 Rce8 26. Bc2 Nh7 27. a4 Bc6 28. axb5 Bxb5 29. Ra1 Nf6 30. Ba4 Bxa4 31. Rxa4 Qb7 1/2-1/2

[Event "CAN-op"]
[Site "Edmonton CAN"]
[Date "2005.07.14"]
[Round "7"]
[White "Mohota, Nisha"]
[Black "Lane, Travis"]
[Result "1-0"]
[WhiteElo "2343"]
[BlackElo "2037"]
[PlyCount "55"]
[GameId "2160767910901944"]
[EventDate "2005.07.09"]
[EventType "swiss"]
[EventRounds "10"]
[EventCountry "CAN"]
[SourceTitle "CBM 107 Extra"]
[Source "ChessBase"]
[SourceDate "2005.09.01"]
[SourceVersion "1"]
[SourceVersionDate "2005.09.01"]
[SourceQuality "1"]

1. d4 Nf6 2. c4 g6 3. Nc3 Bg7 4. e4 d6 5. Nf3 O-O 6. Be2 e5 7. Be3 exd4 8. Nxd4 Re8 9. f3 Nc6 10. Qd2 a6 11. O-O h5 12. Rad1 Qe7 13. Rfe1 h4 14. Bf1 Qf8 15. h3 Bd7 16. Nxc6 bxc6 17. Bg5 Nh5 18. Bxh4 Be5 19. Ne2 Rab8 20. b3 Bg7 21. g4 Bh6 22. Bg5 Bxg5 23. Qxg5 Re5 24. Qh4 Qh6 25. gxh5 Rxh5 26. Qf4 g5 27. Qg3 Bxh3 28. Nf4 1-0

[Event "CAN-op"]
[Site "Edmonton CAN"]
[Date "2005.07.14"]
[Round "7"]
[White "Moiseenko, Alexander"]
[Black "Nataf, Igor A"]
[Result "1-0"]
[WhiteElo "2652"]
[BlackElo "2603"]
[PlyCount "123"]
[GameId "2160767910901945"]
[EventDate "2005.07.09"]
[EventType "swiss"]
[EventRounds "10"]
[EventCountry "CAN"]
[SourceTitle "CBM 107 Extra"]
[Source "ChessBase"]
[SourceDate "2005.09.01"]
[SourceVersion "1"]
[SourceVersionDate "2005.09.01"]
[SourceQuality "1"]

1. e4 c5 2. Nf3 d6 3. d4 cxd4 4. Nxd4 Nf6 5. Nc3 g6 6. Be3 Bg7 7. f3 a6 8. Qd2 Nbd7 9. O-O-O b5 10. Bh6 Bxh6 11. Qxh6 Bb7 12. Kb1 Qc7 13. a3 Nb6 14. g4 O-O-O 15. Qe3 Kb8 16. Nb3 Nfd7 17. Be2 Rc8 18. Qd2 h5 19. g5 Ne5 20. Na5 Rhd8 21. Rhe1 Ba8 22. f4 Nec4 23. Nxc4 bxc4 24. Qd4 Qc5 25. h4 Bc6 26. Qxc5 dxc5 27. Bf3 e6 28. Rxd8 Rxd8 29. Rd1 Rd4 30. Kc1 e5 31. f5 Nc8 32. f6 Rxd1+ 33. Kxd1 Nd6 34. Kd2 Kc7 35. Ke3 Kd7 36. Nb1 Ba4 37. Bd1 Kd8 38. Nd2 Bd7 39. Be2 Be6 40. Nf3 Bg4 41. Nxe5 Bxe2 42. Kxe2 Ke8 43. Ke3 Kd8 44. a4 Ke8 45. Kf4 Kd8 46. c3 Ke8 47. Nf3 Kd7 48. Nd2 Ke6 49. Nf1 Nb7 50. Ne3 Na5 51. e5 Nc6 52. Nxc4 Kd5 53. b3 Nd8 54. Ne3+ Ke6 55. Ke4 Nc6 56. Nd5 Nxe5 57. Nc7+ Kd6 58. Nxa6 Nd7 59. b4 cxb4 60. cxb4 Nb6 61. a5 Nd5 62. Kd4 1-0

[Event "CAN-op"]
[Site "Edmonton CAN"]
[Date "2005.07.14"]
[Round "7"]
[White "Mrugala, David"]
[Black "Kuczaj, Chris"]
[Result "1-0"]
[WhiteElo "1627"]
[BlackElo "1904"]
[PlyCount "78"]
[GameId "2160767910901946"]
[EventDate "2005.07.09"]
[EventType "swiss"]
[EventRounds "10"]
[EventCountry "CAN"]
[SourceTitle "CBM 107 Extra"]
[Source "ChessBase"]
[SourceDate "2005.09.01"]
[SourceVersion "1"]
[SourceVersionDate "2005.09.01"]
[SourceQuality "1"]

1. d4 Nf6 2. c4 g6 3. Nf3 Bg7 4. Nc3 O-O 5. Bg5 h6 6. Bh4 c5 7. e3 Qa5 8. Bd3 d6 9. Qc2 Nc6 10. a3 Bg4 11. d5 Ne5 12. Nxe5 dxe5 13. h3 Bd7 14. O-O g5 15. Bg3 Nh5 16. Bh2 f5 17. Be2 Nf6 18. Bxe5 g4 19. hxg4 Nxg4 20. Bxg7 Kxg7 21. e4 Qc7 22. Bxg4 fxg4 23. Ne2 h5 24. Qc3+ Kh7 25. e5 Bf5 26. g3 Be4 27. Nf4 Rf5 28. e6 h4 29. Ng2 Bxg2 30. Kxg2 Rf3 31. Qc2+ Kh6 32. Qd2+ Kg6 33. gxh4 Rf4 34. Qd3+ Kg7 35. h5 Rh8 36. Qg6+ Kf8 37. h6 Qe5 38. Rae1 Rf6 39. Qg7+ Ke8 1-0

[Event "CAN-op"]
[Site "Edmonton CAN"]
[Date "2005.07.14"]
[Round "7"]
[White "Nguyen, Kim"]
[Black "Roy Chowdhury, Saptarshi"]
[Result "0-1"]
[WhiteElo "2060"]
[BlackElo "2421"]
[PlyCount "54"]
[GameId "2160767910901947"]
[EventDate "2005.07.09"]
[EventType "swiss"]
[EventRounds "10"]
[EventCountry "CAN"]
[SourceTitle "CBM 107 Extra"]
[Source "ChessBase"]
[SourceDate "2005.09.01"]
[SourceVersion "1"]
[SourceVersionDate "2005.09.01"]
[SourceQuality "1"]

1. e4 c5 2. Nf3 Nc6 3. d4 cxd4 4. Nxd4 e5 5. Nb5 d6 6. c4 Be7 7. g3 Nf6 8. N1c3 a6 9. Na3 O-O 10. Bg2 Bg4 11. f3 Be6 12. Be3 Rc8 13. Nd5 Nd7 14. O-O Re8 15. Nxe7+ Qxe7 16. Qd2 Red8 17. Rfd1 Nf8 18. Bb6 Rd7 19. Bf1 f5 20. Be2 Kh8 21. Rac1 fxe4 22. fxe4 Bh3 23. Nc2 Ne6 24. Qe3 Rf8 25. Rd2 Qf6 26. Rcd1 Rdf7 27. Rxd6 Qf1+ 0-1

[Event "CAN-op"]
[Site "Edmonton CAN"]
[Date "2005.07.14"]
[Round "7"]
[White "Palcic, Branko"]
[Black "Sullivan, Brian"]
[Result "0-1"]
[WhiteElo "1433"]
[BlackElo "1674"]
[PlyCount "51"]
[GameId "2160767910901949"]
[EventDate "2005.07.09"]
[EventType "swiss"]
[EventRounds "10"]
[EventCountry "CAN"]
[SourceTitle "CBM 107 Extra"]
[Source "ChessBase"]
[SourceDate "2005.09.01"]
[SourceVersion "1"]
[SourceVersionDate "2005.09.01"]
[SourceQuality "1"]

1. e4 c5 2. f4 d6 3. Nf3 Nc6 4. Be2 e6 5. O-O Nf6 6. Nc3 a6 7. b3 b5 8. d3 Nd4 9. Bb2 Bd7 10. Nb1 Qb6 11. Nbd2 Ng4 12. Nxd4 Ne3 13. Qe1 Nxf1 14. Bxf1 cxd4 15. Nf3 Qc7 16. Bxd4 f6 17. c4 e5 18. Be3 g6 19. fxe5 dxe5 20. d4 exd4 21. Bxd4 Bc5 22. Qf2 Bxd4 23. Qxd4 O-O 24. Qf2 Bg4 25. Ne1 Qe5 26. Qc2 0-1

[Event "CAN-op"]
[Site "Edmonton CAN"]
[Date "2005.07.14"]
[Round "7"]
[White "Panteluk, Steven"]
[Black "Harrop, Breagan"]
[Result "1-0"]
[WhiteElo "1773"]
[BlackElo "1568"]
[PlyCount "69"]
[GameId "2160767910901950"]
[EventDate "2005.07.09"]
[EventType "swiss"]
[EventRounds "10"]
[EventCountry "CAN"]
[SourceTitle "CBM 107 Extra"]
[Source "ChessBase"]
[SourceDate "2005.09.01"]
[SourceVersion "1"]
[SourceVersionDate "2005.09.01"]
[SourceQuality "1"]

1. e4 Nf6 2. Nc3 d5 3. exd5 Nxd5 4. Nxd5 Qxd5 5. Nf3 Qa5 6. g3 Nd7 7. Bg2 Nf6 8. O-O e6 9. h3 c6 10. d4 Bd6 11. Re1 Qc7 12. c4 b6 13. Qc2 O-O 14. c5 Be7 15. Bf4 Qd8 16. Ne5 Nd5 17. Nxc6 Qd7 18. Nxe7+ Qxe7 19. Bxd5 Bb7 20. Bxb7 Qxb7 21. g4 Rfd8 22. c6 Qe7 23. c7 Rdc8 24. Rac1 g5 25. Bd2 h5 26. Qc6 Re8 27. d5 e5 28. d6 Qf8 29. d7 Re6 30. Qxa8 Qxa8 31. c8=Q+ Qxc8 32. dxc8=Q+ Kg7 33. Bxg5 Kg6 34. h4 a5 35. Qg8# 1-0

[Event "CAN-op"]
[Site "Edmonton CAN"]
[Date "2005.07.14"]
[Round "7"]
[White "Pivovarov, Juraj"]
[Black "Escandor, Manuel Omana"]
[Result "0-1"]
[WhiteElo "1615"]
[BlackElo "1787"]
[PlyCount "64"]
[GameId "2160767910901952"]
[EventDate "2005.07.09"]
[EventType "swiss"]
[EventRounds "10"]
[EventCountry "CAN"]
[SourceTitle "CBM 107 Extra"]
[Source "ChessBase"]
[SourceDate "2005.09.01"]
[SourceVersion "1"]
[SourceVersionDate "2005.09.01"]
[SourceQuality "1"]

1. c4 c5 2. g3 Nc6 3. Bg2 e6 4. Nc3 Nf6 5. Nf3 Be7 6. d4 O-O 7. O-O d5 8. cxd5 Nxd5 9. e4 Nxc3 10. bxc3 cxd4 11. cxd4 Qa5 12. Be3 Rd8 13. Qb3 Qa6 14. Rfd1 Bd7 15. Bf1 Qa5 16. Rac1 Nb4 17. Rd2 Rac8 18. Rdd1 Ba4 19. Qa3 Nc6 20. Qb2 Bxd1 21. Rxd1 Qa4 22. Rb1 Nb4 23. a3 Nc6 24. Ra1 Na5 25. Ne5 Rc2 26. Qb1 Rdc8 27. Bd3 R2c3 28. Bb5 Qc2 29. Qe1 Nb3 30. Ba4 Qxe4 31. Rb1 Nxd4 32. Bxd4 Qxd4 0-1

[Event "CAN-op"]
[Site "Edmonton CAN"]
[Date "2005.07.14"]
[Round "7"]
[White "Purewal, Pal"]
[Black "Raymer, Elliot"]
[Result "1/2-1/2"]
[WhiteElo "1774"]
[BlackElo "1574"]
[PlyCount "113"]
[GameId "2160767910901953"]
[EventDate "2005.07.09"]
[EventType "swiss"]
[EventRounds "10"]
[EventCountry "CAN"]
[SourceTitle "CBM 107 Extra"]
[Source "ChessBase"]
[SourceDate "2005.09.01"]
[SourceVersion "1"]
[SourceVersionDate "2005.09.01"]
[SourceQuality "1"]

1. e4 e5 2. Nf3 Nc6 3. Bc4 Nf6 4. O-O Bc5 5. d3 d6 6. h3 Na5 7. Bb3 Nxb3 8. axb3 h6 9. c3 O-O 10. Kh1 Be6 11. b4 Bb6 12. Qe2 Re8 13. Kh2 c6 14. Ng1 d5 15. f4 exf4 16. Bxf4 dxe4 17. d4 Bc7 18. Bxc7 Qxc7+ 19. Kh1 b5 20. Nd2 e3 21. Rxf6 gxf6 22. Qxe3 Bd5 23. Qxh6 Qg3 24. Ndf3 Qg6 25. Qd2 Re7 26. Rf1 Rae8 27. Rf2 Qb1 28. Kh2 Re3 29. g4 Bxf3 30. Nxf3 Qe4 31. Ng1 Qd3 32. Qxd3 Rxd3 33. Rxf6 Rd2+ 34. Kg3 Re3+ 35. Nf3 Rxb2 36. Rxc6 Rb3 37. Kf4 Rexc3 38. Rxc3 Rxc3 39. d5 Rc4+ 40. Ke5 Rxb4 41. d6 Kf8 42. Nd4 Rc4 43. Kd5 a6 44. Nc6 Rc1 45. h4 Ke8 46. h5 Rg1 47. Kc5 Rh1 48. Nb8 a5 49. Kb6 Kd8 50. Kxa5 Ra1+ 51. Kb4 Ra8 52. Nc6+ Kd7 53. Kxb5 Kxd6 54. g5 Rg8 55. g6 fxg6 56. hxg6 Rxg6 57. Nb4 1/2-1/2

[Event "CAN-op"]
[Site "Edmonton CAN"]
[Date "2005.07.14"]
[Round "7"]
[White "Raymer, Evan"]
[Black "Steer, David"]
[Result "1-0"]
[WhiteElo "1681"]
[BlackElo "1532"]
[PlyCount "89"]
[GameId "2160767910901955"]
[EventDate "2005.07.09"]
[EventType "swiss"]
[EventRounds "10"]
[EventCountry "CAN"]
[SourceTitle "CBM 107 Extra"]
[Source "ChessBase"]
[SourceDate "2005.09.01"]
[SourceVersion "1"]
[SourceVersionDate "2005.09.01"]
[SourceQuality "1"]

1. e4 c5 2. Nc3 Nc6 3. g3 g6 4. Bg2 Bg7 5. d3 e5 6. Nge2 d6 7. O-O Nge7 8. f4 O-O 9. Be3 Bd7 10. Nd5 f5 11. fxe5 Bxe5 12. d4 Nxd5 13. exd5 Nxd4 14. Nxd4 cxd4 15. Bxd4 Re8 16. Qd2 Qf6 17. Bxe5 Rxe5 18. Qd4 b6 19. Rae1 Rae8 20. c4 Qe7 21. Rxe5 Qxe5 22. Qxe5 Rxe5 23. Kf2 Kf7 24. b4 Bc8 25. Rc1 Ba6 26. c5 bxc5 27. bxc5 Re2+ 28. Kf3 Ke7 29. cxd6+ Kd7 30. Rc7+ Kxd6 31. Rc6+ Kxd5 32. Rxa6 Rc2 33. Rxa7 g5 34. g4 f4 35. a4 Kd4 36. Rd7+ Ke5 37. Bf1 Rxh2 38. a5 h5 39. gxh5 Kf5 40. Rd5+ Kf6 41. a6 Rxh5 42. a7 g4+ 43. Kxg4 Rh8 44. Bg2 Rg8+ 45. Kxf4 1-0

[Event "CAN-op"]
[Site "Edmonton CAN"]
[Date "2005.07.14"]
[Round "7"]
[White "Reichert, Wayne"]
[Black "Meller, Kenneth"]
[Result "1-0"]
[WhiteElo "1275"]
[BlackElo "1367"]
[PlyCount "51"]
[GameId "2160767910901956"]
[EventDate "2005.07.09"]
[EventType "swiss"]
[EventRounds "10"]
[EventCountry "CAN"]
[SourceTitle "CBM 107 Extra"]
[Source "ChessBase"]
[SourceDate "2005.09.01"]
[SourceVersion "1"]
[SourceVersionDate "2005.09.01"]
[SourceQuality "1"]

1. e4 e5 2. Nf3 d6 3. Nc3 a6 4. Bc4 Qe7 5. d3 Be6 6. Bxe6 Qxe6 7. O-O Be7 8. Nd5 Bd8 9. c4 Ne7 10. Nc3 O-O 11. b3 f5 12. Ng5 Qg6 13. Ne2 c6 14. Qc2 f4 15. Nf3 Bc7 16. Kh1 d5 17. cxd5 Bd6 18. g3 fxg3 19. Nh4 g2+ 20. Nxg2 cxd5 21. exd5 Nxd5 22. Qc4 Qe6 23. Bd2 b5 24. Qe4 Rf5 25. Nef4 Nxf4 26. Nxf4 1-0

[Event "CAN-op"]
[Site "Edmonton CAN"]
[Date "2005.07.14"]
[Round "7"]
[White "Roberts, Richard"]
[Black "Lacroix, Peter"]
[Result "0-1"]
[WhiteElo "1533"]
[BlackElo "1688"]
[PlyCount "76"]
[GameId "2160767910901957"]
[EventDate "2005.07.09"]
[EventType "swiss"]
[EventRounds "10"]
[EventCountry "CAN"]
[SourceTitle "CBM 107 Extra"]
[Source "ChessBase"]
[SourceDate "2005.09.01"]
[SourceVersion "1"]
[SourceVersionDate "2005.09.01"]
[SourceQuality "1"]

1. d4 Nf6 2. c4 d5 3. Nc3 c6 4. e3 e6 5. f3 Nh5 6. Nge2 Bd6 7. g3 Nd7 8. c5 Be7 9. Bg2 b6 10. e4 bxc5 11. O-O cxd4 12. Nxd4 Qb6 13. Kh1 c5 14. Nde2 d4 15. Na4 Qb5 16. b3 Ba6 17. Nf4 Nxf4 18. Bxf4 e5 19. Bc1 Rd8 20. f4 f6 21. fxe5 Nxe5 22. Nb2 O-O 23. Bf4 Qe2 24. Bxe5 Qxb2 25. Bf4 Bxf1 26. Qxf1 Bd6 27. Bxd6 Rxd6 28. Qc4+ Kh8 29. Rc1 Rfd8 30. Qxc5 d3 31. Rd1 Qc2 32. Qh5 d2 33. Bf3 Qxa2 34. e5 fxe5 35. Be4 Rh6 36. Qxe5 Qxb3 37. Qe7 Qxd1+ 38. Kg2 Qe2+ 0-1

[Event "CAN-op"]
[Site "Edmonton CAN"]
[Date "2005.07.14"]
[Round "7"]
[White "Seehagen, Terry"]
[Black "Chi, Megan"]
[Result "0-1"]
[WhiteElo "1608"]
[BlackElo "1502"]
[PlyCount "56"]
[GameId "2160767910901959"]
[EventDate "2005.07.09"]
[EventType "swiss"]
[EventRounds "10"]
[EventCountry "CAN"]
[SourceTitle "CBM 107 Extra"]
[Source "ChessBase"]
[SourceDate "2005.09.01"]
[SourceVersion "1"]
[SourceVersionDate "2005.09.01"]
[SourceQuality "1"]

1. e4 c5 2. d4 cxd4 3. c3 dxc3 4. Nf3 Nc6 5. Nxc3 d6 6. Bc4 Nf6 7. Ng5 e6 8. O-O Be7 9. Be3 O-O 10. f4 h6 11. Nf3 a6 12. Qe2 b5 13. Bb3 Na5 14. Bc2 Bb7 15. Rad1 Qc7 16. Qd3 Qc4 17. e5 Qxd3 18. Rxd3 dxe5 19. Nxe5 Rac8 20. b3 b4 21. Nd7 Rfe8 22. Bb6 Rxc3 23. Rc1 Rxd3 24. Nxf6+ Bxf6 25. Bxd3 Nc6 26. Be4 Rc8 27. Rc4 Ba8 28. Kf1 Ne7 0-1

[Event "CAN-op"]
[Site "Edmonton CAN"]
[Date "2005.07.14"]
[Round "7"]
[White "Sladek, Vaclav"]
[Black "Milne, Arthur"]
[Result "1-0"]
[WhiteElo "2047"]
[BlackElo "1876"]
[PlyCount "93"]
[GameId "2160767910901962"]
[EventDate "2005.07.09"]
[EventType "swiss"]
[EventRounds "10"]
[EventCountry "CAN"]
[SourceTitle "EXT 2022"]
[Source "ChessBase"]
[SourceDate "2021.10.06"]
[SourceVersion "1"]
[SourceVersionDate "2021.10.06"]
[SourceQuality "1"]

1. d4 e6 2. c4 d5 3. Nc3 f5 4. cxd5 exd5 5. Nf3 c6 6. g3 Nd7 7. Bg2 Ndf6 8. Ne5 Bd6 9. Nd3 Ne7 10. Rb1 a5 11. Bg5 O-O 12. a3 h6 13. Bxf6 Rxf6 14. e3 b6 15. b4 axb4 16. axb4 Bb7 17. O-O Qc7 18. Qb3 Kh7 19. f4 b5 20. Rfc1 Qb6 21. Ne5 Rd8 22. Kh1 Bb8 23. Qc2 Kh8 24. Bh3 Bc8 25. Qd1 Bd7 26. Qd3 g6 27. Rg1 h5 28. Bg2 Be8 29. Bf3 Qb7 30. h3 Nc8 31. g4 hxg4 32. hxg4 Nd6 33. Kg2 Ne4 34. Rh1+ Kg8 35. g5 Rf8 36. Rh4 Qg7 37. Ne2 Bd6 38. Bxe4 fxe4 39. Qc3 Bxe5 40. dxe5 Ra8 41. Nd4 Bd7 42. Rbh1 Ra2+ 43. Kg3 Rfa8 44. Rh8+ Qxh8 45. Rxh8+ Kxh8 46. e6 R2a3 47. Nb3+ 1-0

[Event "CAN-op"]
[Site "Edmonton CAN"]
[Date "2005.07.14"]
[Round "7"]
[White "Sorgard, Graham"]
[Black "Longo, Tyler"]
[Result "0-1"]
[WhiteElo "1870"]
[BlackElo "1733"]
[PlyCount "114"]
[GameId "2160767910901963"]
[EventDate "2005.07.09"]
[EventType "swiss"]
[EventRounds "10"]
[EventCountry "CAN"]
[SourceTitle "CBM 107 Extra"]
[Source "ChessBase"]
[SourceDate "2005.09.01"]
[SourceVersion "1"]
[SourceVersionDate "2005.09.01"]
[SourceQuality "1"]

1. e4 e6 2. d3 d5 3. Nd2 Nf6 4. g3 dxe4 5. dxe4 e5 6. Bg2 Bc5 7. Ngf3 Nc6 8. O-O b6 9. c3 a5 10. Qc2 Ba6 11. c4 Qe7 12. a3 Qe6 13. Ng5 Qg4 14. Nb3 Nd4 15. Nxd4 Bxd4 16. Bh3 Qh5 17. Qa4+ Ke7 18. Bg2 Qe2 19. Nf3 Qxc4 20. Qxc4 Bxc4 21. Nxd4 exd4 22. e5 Nd5 23. Rd1 c5 24. Bg5+ Kd7 25. Rac1 Ba2 26. Rd3 a4 27. Bh3+ Ke8 28. Bg2 Rb8 29. Rdd1 Ne7 30. Bf4 Bb3 31. Rd3 Be6 32. Rdd1 h6 33. Bf1 Ra8 34. h4 Bd5 35. Bb5+ Kd8 36. Re1 g5 37. Bd2 gxh4 38. Bd3 hxg3 39. fxg3 Kc7 40. Bf4 Kb7 41. Re2 Rac8 42. Rec2 Bb3 43. Rh2 Bd5 44. Rhc2 Rcg8 45. e6 f5 46. Re1 Rg6 47. Bd6 Rh7 48. Re5 Rxg3+ 49. Kh2 Rxd3 50. Bxe7 Rxe7 51. Rxd5 Rxe6 52. Rxf5 Rde3 53. Rcf2 d3 54. Rf7+ Re7 55. Rxe7+ Rxe7 56. Rf3 Re2+ 57. Kg3 Rxb2 0-1

[Event "CAN-op"]
[Site "Edmonton CAN"]
[Date "2005.07.14"]
[Round "7"]
[White "Stark, Mark"]
[Black "Gulati, Justin"]
[Result "0-1"]
[WhiteElo "1832"]
[BlackElo "2122"]
[PlyCount "70"]
[GameId "2160767910901964"]
[EventDate "2005.07.09"]
[EventType "swiss"]
[EventRounds "10"]
[EventCountry "CAN"]
[SourceTitle "CBM 107 Extra"]
[Source "ChessBase"]
[SourceDate "2005.09.01"]
[SourceVersion "1"]
[SourceVersionDate "2005.09.01"]
[SourceQuality "1"]

1. d4 Nf6 2. g3 g6 3. Bg2 Bg7 4. Nf3 O-O 5. O-O d6 6. b4 c5 7. bxc5 dxc5 8. Bb2 Qb6 9. Qc1 Ne4 10. e3 Nc6 11. c3 Bf5 12. Nbd2 Rac8 13. Nh4 Nd6 14. Nxf5 gxf5 15. Qb1 Na5 16. Ba3 Nb5 17. Bxc5 Rxc5 18. dxc5 Qxc5 19. Nb3 Nxb3 20. Qxb3 Nxc3 21. Qxb7 Ne2+ 22. Kh1 Bxa1 23. Rxa1 Qc3 24. Rb1 Nc1 25. Qb4 Qc2 26. h3 Nd3 27. Qb3 Nxf2+ 28. Kg1 Qd2 29. Rf1 Nd3 30. Kh2 Ne1 31. Qd5 Qxd5 32. Bxd5 Rd8 33. Rxf5 e6 34. Rg5+ Kf8 35. Bb3 Nf3+ 0-1

[Event "CAN-op"]
[Site "Edmonton CAN"]
[Date "2005.07.14"]
[Round "7"]
[White "Steininger, Gavin"]
[Black "Barclay, Wayne"]
[Result "1/2-1/2"]
[WhiteElo "2011"]
[BlackElo "2243"]
[PlyCount "100"]
[GameId "2160767910901965"]
[EventDate "2005.07.09"]
[EventType "swiss"]
[EventRounds "10"]
[EventCountry "CAN"]
[SourceTitle "CBM 107 Extra"]
[Source "ChessBase"]
[SourceDate "2005.09.01"]
[SourceVersion "1"]
[SourceVersionDate "2005.09.01"]
[SourceQuality "1"]

1. e4 e6 2. d4 d5 3. Nc3 Bb4 4. e5 c5 5. a3 Bxc3+ 6. bxc3 Ne7 7. Qg4 Nf5 8. Bd3 h5 9. Qf4 Qh4 10. Qxh4 Nxh4 11. Bg5 Nf5 12. Bxf5 exf5 13. Rb1 Na6 14. Ne2 b6 15. Nf4 Be6 16. h4 Rc8 17. Kd2 Kd7 18. c4 Kc6 19. cxd5+ Bxd5 20. c3 Nc7 21. Rhc1 c4 22. f3 g6 23. Rb2 Rhe8 24. Rcb1 Rb8 25. Bf6 Rb7 26. Bg5 b5 27. Kc2 Rb6 28. Ra1 Ra6 29. Kd2 Ra5 30. Kc2 Kd7 31. Kd2 Rb8 32. Kc2 Rb6 33. Bh6 Ke8 34. Rba2 Rba6 35. Kb2 Ra4 36. Bg5 Rb6 37. Kc2 Kd7 38. Bh6 Rb8 39. Bg5 Kc6 40. Be7 Ne8 41. Rb2 Rb7 42. Bc5 Nc7 43. Rab1 a6 44. Kd2 Rb8 45. Bd6 Rc8 46. Bxc7 Rxc7 47. Ra2 Rb7 48. Rb4 a5 49. Rxa4 bxa4 50. Kc2 Rb3 1/2-1/2

[Event "CAN-op"]
[Site "Edmonton CAN"]
[Date "2005.07.14"]
[Round "7"]
[White "Thomas, Bruce"]
[Black "Willie, Joshua"]
[Result "1-0"]
[WhiteElo "1795"]
[BlackElo "1555"]
[PlyCount "81"]
[GameId "2160767910901966"]
[EventDate "2005.07.09"]
[EventType "swiss"]
[EventRounds "10"]
[EventCountry "CAN"]
[SourceTitle "CBM 107 Extra"]
[Source "ChessBase"]
[SourceDate "2005.09.01"]
[SourceVersion "1"]
[SourceVersionDate "2005.09.01"]
[SourceQuality "1"]

1. c4 Nf6 2. Nc3 Nc6 3. e4 e5 4. g3 a6 5. Bg2 Bc5 6. h3 d6 7. Nge2 Nd4 8. O-O O-O 9. d3 h6 10. Kh2 c6 11. f4 Qe7 12. f5 Nh7 13. g4 Qh4 14. Ng3 Nf6 15. Bd2 Bd7 16. Rc1 Kh7 17. Be1 Kh8 18. Nh5 Qg5 19. Bd2 Qh4 20. Bf3 Nxh5 21. gxh5 Kh7 22. Bg4 Qe7 23. f6 Qd8 24. fxg7 Kxg7 25. Bf5 Bxf5 26. exf5 Qf6 27. Ne4 Qd8 28. f6+ Kh7 29. Qe1 Ba7 30. Nc3 Qe8 31. Qe4+ Kh8 32. Bxh6 Rg8 33. Bg7+ Rxg7 34. fxg7+ Kg8 35. h6 Ne6 36. Qg4 Kh7 37. Rf6 Qd8 38. Ne4 Qb6 39. Rc2 Qc7 40. Rg2 Rg8 41. Qf5# 1-0

[Event "CAN-op"]
[Site "Edmonton CAN"]
[Date "2005.07.14"]
[Round "7"]
[White "Tomaras, Ioannis"]
[Black "Pradzinski, Tim"]
[Result "1/2-1/2"]
[WhiteElo "1680"]
[BlackElo "1894"]
[PlyCount "38"]
[GameId "2160767910901968"]
[EventDate "2005.07.09"]
[EventType "swiss"]
[EventRounds "10"]
[EventCountry "CAN"]
[SourceTitle "CBM 107 Extra"]
[Source "ChessBase"]
[SourceDate "2005.09.01"]
[SourceVersion "1"]
[SourceVersionDate "2005.09.01"]
[SourceQuality "1"]

1. e4 c5 2. d4 cxd4 3. c3 dxc3 4. Nxc3 Nc6 5. Bc4 e6 6. Nf3 Bb4 7. O-O Nge7 8. Bf4 a6 9. Qe2 O-O 10. Rfd1 Ng6 11. Bg3 Bxc3 12. bxc3 b5 13. Bb3 Na5 14. h4 Nxb3 15. axb3 f6 16. h5 Nh8 17. Nd4 Qe8 18. Nxb5 Qf7 19. Bd6 Rd8 1/2-1/2

[Event "CAN-op"]
[Site "Edmonton CAN"]
[Date "2005.07.14"]
[Round "7"]
[White "Tomaras, Pavlos"]
[Black "Tegzes, Laszlo"]
[Result "0-1"]
[WhiteElo "1886"]
[BlackElo "2109"]
[PlyCount "76"]
[GameId "2160767910901969"]
[EventDate "2005.07.09"]
[EventType "swiss"]
[EventRounds "10"]
[EventCountry "CAN"]
[SourceTitle "CBM 107 Extra"]
[Source "ChessBase"]
[SourceDate "2005.09.01"]
[SourceVersion "1"]
[SourceVersionDate "2005.09.01"]
[SourceQuality "1"]

1. e4 c5 2. d4 cxd4 3. c3 Nf6 4. e5 Nd5 5. cxd4 e6 6. Nf3 b6 7. Be2 Bb7 8. O-O d6 9. Bg5 Be7 10. Bxe7 Qxe7 11. Nbd2 dxe5 12. dxe5 O-O 13. Nc4 Nd7 14. Nd6 Nxe5 15. Nxb7 Nxf3+ 16. Bxf3 Qxb7 17. Qb3 Rac8 18. Rfd1 Rc5 19. Rd2 Qc7 20. Bxd5 Rd8 21. Rad1 Rcxd5 22. Rxd5 Rxd5 23. Rxd5 exd5 24. Qe3 Qd7 25. Qd4 h6 26. g4 Qe6 27. Kg2 Qe4+ 28. Qxe4 dxe4 29. Kf1 g6 30. Ke2 f5 31. Ke3 Kf7 32. gxf5 gxf5 33. Kf4 Kf6 34. a4 a5 35. b3 Ke6 36. Kg3 Ke5 37. h3 f4+ 38. Kg4 h5+ 0-1

[Event "CAN-op"]
[Site "Edmonton CAN"]
[Date "2005.07.14"]
[Round "7"]
[White "Tot, Nandor"]
[Black "Li, Zhichao"]
[Result "0-1"]
[WhiteElo "1924"]
[BlackElo "2238"]
[PlyCount "76"]
[GameId "2160767910901970"]
[EventDate "2005.07.09"]
[EventType "swiss"]
[EventRounds "10"]
[EventCountry "CAN"]
[SourceTitle "CBM 107 Extra"]
[Source "ChessBase"]
[SourceDate "2005.09.01"]
[SourceVersion "1"]
[SourceVersionDate "2005.09.01"]
[SourceQuality "1"]

1. d4 d5 2. c4 e6 3. Nc3 Be7 4. Nf3 Nf6 5. Bg5 h6 6. Bh4 O-O 7. e3 b6 8. Rc1 Bb7 9. Bxf6 Bxf6 10. cxd5 exd5 11. Bd3 Be7 12. O-O Nd7 13. Qe2 c5 14. Rfd1 Rc8 15. Ba6 Qc7 16. Bxb7 Qxb7 17. dxc5 Bxc5 18. Nxd5 Rfd8 19. b4 Bf8 20. Rxc8 Rxc8 21. h3 b5 22. e4 a6 23. a3 Nb6 24. Nxb6 Qxb6 25. Qd2 Qe6 26. Qd3 Qa2 27. Nd4 Qb2 28. Ne2 Be7 29. f4 Rd8 30. Nd4 a5 31. Rd2 Qc1+ 32. Rd1 Qxf4 33. Rf1 Qd6 34. Qxb5 Qxd4+ 35. Kh1 axb4 36. axb4 Qxe4 37. Qh5 Qc4 38. Qf5 Bxb4 0-1